[Event "Oberliga Ost-B 1617"]
[Site "Germany"]
[Date "2016.10.16"]
[Round "1.3"]
[White "Henrich, Thomas"]
[Black "Michaelsen, Nils"]
[Result "1/2-1/2"]
[WhiteElo "2212"]
[BlackElo "2396"]
[PlyCount "101"]
[EventDate "2016.10.16"]
[EventType "team-tourn"]
[EventRounds "11"]
[EventCountry "GER"]
[SourceTitle "EXT 2018"]
[Source "ChessBase"]
[SourceDate "2017.10.13"]
[SourceVersion "1"]
[SourceVersionDate "2017.10.13"]
[SourceQuality "1"]
[WhiteTeam "Marburg"]
[BlackTeam "Oberursel"]
[WhiteTeamCountry "GER"]
[BlackTeamCountry "GER"]

1. e4 c5 2. Nf3 e6 3. d4 cxd4 4. Nxd4 Nc6 5. Nc3 Qc7 6. Be3 a6 7. Qf3 b5 8. Nxc6 Qxc6 9. 0-0-0 Bb7 10. Bd3 Nf6 11. Bd4 Be7 12. Rhe1 d6 13. Qg3 e5 14. Be3 Qd7 15. f3 0-0 16. Qf2 Qe6 17. a3 Rac8 18. Qd2 Rfd8 19. g4 Nd7 20. Kb1 Bh4 21. Rg1 h6 22. Nd5 Bxd5 23. exd5 Qf6 24. Bf5 Bg5 25. Bxg5 hxg5 26. Qa5 Ra8 27. Bxd7 Rxd7 28. Rd3 Qf4 29. Rg3 g6 30. Rb3 Qc4 31. Qd2 Rc8 32. Rb4 Qf1+ 33. Ka2 Rdc7 34. c3 a5 35. Re4 f6 36. Qe3 Qd1 37. Rg2 Qxd5+ 38. Ka1 Qd1+ 39. Ka2 Qd5+ 40. Ka1 Qe6 41. Qb6 Rc5 42. Qxa5 d5 43. Rb4 Qc6 44. Qa7 d4 45. cxd4 Rc1+ 46. Ka2 Qd5+ 47. Rb3 Rd1 48. Qe7 Rcc1 49. Qe8+ Kg7 50. Qe7+ Kg8 51. Qe8+ 1/2-1/2

[Event "Oberliga Ost-B 1516"]
[Site "Germany"]
[Date "2016.02.20"]
[Round "9.3"]
[White "Legde, Georg"]
[Black "Michaelsen, Nils"]
[Result "0-1"]
[WhiteElo "2336"]
[BlackElo "2398"]
[PlyCount "124"]
[EventDate "2015.09.20"]
[EventType "team-tourn"]
[EventRounds "11"]
[EventCountry "GER"]
[SourceTitle "EXT 2017"]
[Source "ChessBase"]
[SourceDate "2016.10.25"]
[SourceVersion "1"]
[SourceVersionDate "2016.10.25"]
[SourceQuality "1"]
[WhiteTeam "Moerlenbach"]
[BlackTeam "Oberursel"]
[WhiteTeamCountry "GER"]
[BlackTeamCountry "GER"]

1. c4 c5 2. g3 Nc6 3. Bg2 g6 4. Nc3 Bg7 5. Nf3 e5 6. 0-0 Nge7 7. a3 0-0 8. Rb1 a5 9. Ne1 d6 10. Nc2 Be6 11. d3 d5 12. cxd5 Nxd5 13. Ne3 Nde7 14. Bd2 f5 15. Na4 b6 16. b4 axb4 17. axb4 f4 18. Nc4 Rb8 19. Re1 Bd5 20. Nc3 Bxg2 21. Kxg2 b5 22. Na5 Nxb4 23. Nb3 f3+ 24. exf3 Nxd3 25. Re4 c4 26. Nc1 Nc5 27. Re1 b4 28. Bg5 Qxd1 29. Rxd1 Nc6 30. Nd5 Rf7 31. Be3 Ne6 32. Na2 b3 33. Nac3 Ned4 34. f4 Nc2 35. Rdc1 exf4 36. Bxf4 Rd8 37. Rd1 Bxc3 38. Nxc3 Rfd7 39. Rdc1 N6b4 40. Ne4 Nd5 41. Bg5 Re8 42. f3 Kg7 43. Bd2 Rc8 44. Kf2 Rc6 45. Rd1 Rb7 46. Bc1 Ncb4 47. Ke2 Ra7 48. Rb2 Nd3 49. Rbd2 Nf6 50. Nc3 Kf7 51. Bb2 Rd7 52. Rxd3 cxd3+ 53. Rxd3 Rcd6 54. Rxd6 Rxd6 55. Nb5 Rb6 56. Nd4 Nd5 57. Kd3 Rb4 58. h4 h5 59. Nc6 Ra4 60. Ne5+ Ke6 61. Nc4 Ra2 62. Kd4 Nb6 0-1

[Event "Oberliga Ost-B 1516"]
[Site "Germany"]
[Date "2015.10.10"]
[Round "2.3"]
[White "Michaelsen, Nils"]
[Black "Staller, Peter"]
[Result "1-0"]
[WhiteElo "2398"]
[BlackElo "2244"]
[PlyCount "87"]
[EventDate "2015.09.20"]
[EventType "team-tourn"]
[EventRounds "11"]
[EventCountry "GER"]
[SourceTitle "EXT 2017"]
[Source "ChessBase"]
[SourceDate "2016.10.25"]
[SourceVersion "1"]
[SourceVersionDate "2016.10.25"]
[SourceQuality "1"]
[WhiteTeam "Oberursel"]
[BlackTeam "Nied"]
[WhiteTeamCountry "GER"]
[BlackTeamCountry "GER"]

1. d4 d5 2. c4 c6 3. e3 Nf6 4. Nf3 g6 5. Nc3 e6 6. Bd3 Nbd7 7. 0-0 Bg7 8. e4 dxe4 9. Nxe4 Nxe4 10. Bxe4 0-0 11. Bf4 Nf6 12. Bc2 b6 13. Qe2 Bb7 14. Rad1 Re8 15. Rfe1 Qe7 16. a3 Nh5 17. Bc1 Qc7 18. Ba4 Nf6 19. Bg5 h6 20. Bh4 Nd7 21. Bg3 Qc8 22. h3 a6 23. Bd6 b5 24. Bb3 c5 25. dxc5 Nxc5 26. Ba2 bxc4 27. Qxc4 Bxf3 28. gxf3 Nb7 29. Bg3 Qxc4 30. Bxc4 Na5 31. Bd3 Rec8 32. Rb1 Nb3 33. Red1 Ra7 34. Kg2 f5 35. Bf4 Rc6 36. Bf1 Rb7 37. Be3 e5 38. f4 e4 39. Rd8+ Kf7 40. Rbd1 Bf6 41. R1d6 Bxd8 42. Rxc6 Na5 43. Rc8 Bb6 44. b4 1-0

[Event "Oberliga Ost-B 1415"]
[Site "Germany"]
[Date "2015.01.17"]
[Round "6.2"]
[White "Michaelsen, Nils"]
[Black "Lubbe, Melanie"]
[Result "1/2-1/2"]
[WhiteElo "2402"]
[BlackElo "2301"]
[PlyCount "71"]
[EventDate "2014.09.21"]
[EventType "team-tourn"]
[EventRounds "11"]
[EventCountry "GER"]
[SourceTitle "EXT 2016"]
[Source "ChessBase"]
[SourceDate "2015.10.08"]
[SourceVersion "1"]
[SourceVersionDate "2015.10.08"]
[SourceQuality "1"]
[WhiteTeam "Oberursel"]
[BlackTeam "Neuberg"]
[WhiteTeamCountry "GER"]
[BlackTeamCountry "GER"]

1. d4 Nf6 2. c4 g6 3. Nc3 Bg7 4. e4 d6 5. Be2 0-0 6. Bg5 c5 7. d5 h6 8. Be3 e6 9. Qd2 exd5 10. exd5 Kh7 11. h3 Re8 12. Nf3 Bf5 13. 0-0 Ne4 14. Nxe4 Bxe4 15. Rae1 a5 16. b3 Qb6 17. Bd3 Nd7 18. Bxe4 Rxe4 19. Bf4 Rae8 20. Rxe4 Rxe4 21. Re1 Nf6 22. g4 Qd8 23. Bh2 b6 24. Rxe4 Nxe4 25. Qe3 Ng5 26. Nxg5+ hxg5 27. Kg2 Bd4 28. Qe4 Kg7 29. Bg3 Bf6 30. a4 Bd4 31. Kf1 Bf6 32. Kg2 Bd4 33. Qe2 Bf6 34. Qe3 Bd4 35. Qe4 Bf6 36. Qe3 1/2-1/2

[Event "Oberliga Ost-B 1314"]
[Site "Germany"]
[Date "2014.01.18"]
[Round "6.1"]
[White "Michaelsen, Nils"]
[Black "Karabalis, Harilos"]
[Result "1/2-1/2"]
[WhiteElo "2409"]
[BlackElo "2275"]
[PlyCount "112"]
[EventDate "2013.10.13"]
[EventType "team-tourn"]
[EventRounds "11"]
[EventCountry "GER"]
[SourceTitle "EXT 2015"]
[Source "ChessBase"]
[SourceDate "2014.11.20"]
[SourceVersion "1"]
[SourceVersionDate "2014.11.20"]
[SourceQuality "1"]
[WhiteTeam "Offenbach"]
[BlackTeam "Frankfurt BvK"]
[WhiteTeamCountry "GER"]
[BlackTeamCountry "GER"]

1. d4 Nf6 2. c4 g6 3. Nc3 Bg7 4. e4 d6 5. Be2 0-0 6. Bg5 c5 7. d5 b5 8. cxb5 a6 9. a4 Qa5 10. Bd2 axb5 11. Bxb5 Ba6 12. Nge2 Bxb5 13. Nxb5 Qb6 14. Nec3 Na6 15. 0-0 Rfb8 16. Qe2 Ne8 17. Bg5 Rb7 18. f4 Nac7 19. e5 Nxb5 20. axb5 Rba7 21. Rae1 Qa5 22. Bh4 Qb4 23. Bg3 Nc7 24. Kh1 Rb7 25. f5 Nxb5 26. Qf2 dxe5 27. fxg6 f6 28. gxh7+ Kh8 29. Nxb5 Qxb5 30. Qf3 Qxb2 31. Rc1 Ra3 32. Qf5 Ra2 33. Bf2 Qb5 34. Qc8+ Kxh7 35. Bxc5 Qd7 36. Qxd7 Rxd7 37. Rfd1 Bh6 38. Rc4 Rd2 39. Rxd2 Bxd2 40. g4 Kg6 41. Ra4 Bf4 42. h4 Bg3 43. h5+ Kg5 44. Kg2 Bf4 45. Kf3 Rxd5 46. Bxe7 Rd3+ 47. Ke4 Rd7 48. Bxf6+ Kxf6 49. Ra6+ Kg7 50. g5 Kh7 51. Rh6+ Kg8 52. Ra6 Bxg5 53. Rg6+ Rg7 54. Rxg7+ Kxg7 55. Kxe5 Kh6 56. Ke4 Kxh5 1/2-1/2

[Event "Oberliga Ost-B 1314"]
[Site "Germany"]
[Date "2013.11.24"]
[Round "4.1"]
[White "Strache, Michael"]
[Black "Michaelsen, Nils"]
[Result "1-0"]
[WhiteElo "2325"]
[BlackElo "2409"]
[PlyCount "67"]
[EventDate "2013.10.13"]
[EventType "team-tourn"]
[EventRounds "11"]
[EventCountry "GER"]
[SourceTitle "EXT 2015"]
[Source "ChessBase"]
[SourceDate "2014.11.20"]
[SourceVersion "1"]
[SourceVersionDate "2014.11.20"]
[SourceQuality "1"]
[WhiteTeam "Sangerhausen"]
[BlackTeam "Offenbach"]
[WhiteTeamCountry "GER"]
[BlackTeamCountry "GER"]

1. e4 c5 2. Nf3 e6 3. c4 Nc6 4. Nc3 Nf6 5. Be2 a6 6. 0-0 Qc7 7. d4 cxd4 8. Nxd4 Bb4 9. Bg5 h5 10. Rc1 Ng4 11. g3 Nce5 12. a3 Bc5 13. b4 Ba7 14. c5 f6 15. Bf4 g5 16. Bxe5 Qxe5 17. f4 gxf4 18. gxf4 Qc7 19. Bxg4 Rg8 20. Rc2 hxg4 21. Rg2 d6 22. Rxg4 Rh8 23. Kh1 dxc5 24. Rfg1 Kf8 25. Nde2 Bd7 26. R1g2 cxb4 27. axb4 Rd8 28. Qa1 e5 29. Rg7 Qc4 30. Qa5 b6 31. Qa3 Bb5 32. Nxb5 Rd1+ 33. Ng1 Qxe4 34. Qc3 1-0

[Event "NRW Class2 0809"]
[Site "Germany"]
[Date "2009.01.04"]
[Round "5.2"]
[White "Rijnaarts, Sjef"]
[Black "Michaelsen, Nils"]
[Result "0-1"]
[WhiteElo "2323"]
[BlackElo "2409"]
[PlyCount "74"]
[EventDate "2008.09.21"]
[EventType "tourn"]
[EventRounds "9"]
[EventCountry "GER"]
[SourceTitle "EXT 2010"]
[Source "ChessBase"]
[SourceDate "2010.11.25"]
[SourceVersion "1"]
[SourceVersionDate "2010.11.25"]
[SourceQuality "1"]
[WhiteTeam "Emsdetten II"]
[BlackTeam "KKS"]
[WhiteTeamCountry "GER"]
[BlackTeamCountry "GER"]

1. e4 c5 2. Nf3 e6 3. d4 cxd4 4. Nxd4 Nc6 5. Nc3 Qc7 6. Be2 a6 7. 0-0 Nf6 8. Be3 Bb4 9. Na4 Bd6 10. f4 Nxe4 11. c4 0-0 12. Bd3 f5 13. Nxc6 Qxc6 14. Bxe4 fxe4 15. c5 Bc7 16. Rc1 Rf5 17. Nb6 Rb8 18. Qd4 Rf7 19. Rfd1 h6 20. Rc4 d5 21. Rc3 Bd7 22. Bd2 Rbf8 23. Rg3 Bd8 24. Bc3 Bf6 25. Qe3 Be8 26. Bd4 Bxd4 27. Qxd4 Qc7 28. Rf1 Bb5 29. Rf2 Rxf4 30. Rxf4 Rxf4 31. h3 Rf5 32. Kh2 Rg5 33. Qf2 d4 34. h4 e3 35. Qe1 Rxg3 36. Qxg3 Qxg3+ 37. Kxg3 d3 0-1

[Event "Oberliga NRW 0708"]
[Site "Germany"]
[Date "2008.02.10"]
[Round "6.1"]
[White "Michaelsen, Nils"]
[Black "Koch, Thomas3"]
[Result "1/2-1/2"]
[WhiteElo "2420"]
[BlackElo "2442"]
[PlyCount "162"]
[EventDate "2007.09.16"]
[EventType "team-tourn"]
[EventRounds "9"]
[EventCountry "GER"]
[SourceTitle "EXT 2009"]
[Source "ChessBase"]
[SourceDate "2008.11.26"]
[SourceVersion "1"]
[SourceVersionDate "2008.11.26"]
[SourceQuality "1"]
[WhiteTeam "KKS"]
[BlackTeam "Aachen"]
[WhiteTeamCountry "GER"]
[BlackTeamCountry "GER"]

1. d4 Nf6 2. c4 e6 3. Nc3 Bb4 4. Qc2 Nc6 5. Nf3 d6 6. a3 Bxc3+ 7. Qxc3 Qe7 8. b4 e5 9. dxe5 Nxe5 10. Bb2 Ng6 11. g3 Bd7 12. Bg2 Bc6 13. 0-0 0-0 14. Rfe1 Be4 15. Bh3 Rfe8 16. Nd2 Bc6 17. e4 Qf8 18. Bg2 Re7 19. f3 b6 20. Nf1 Bb7 21. Ne3 Rd7 22. Rad1 Rdd8 23. Nf5 Ne8 24. Rd2 Ne7 25. Ne3 Nf6 26. Qc2 Ne8 27. f4 Rab8 28. Red1 a6 29. c5 bxc5 30. bxc5 Nc6 31. cxd6 cxd6 32. Qa4 Na7 33. Nf5 Nb5 34. Qa5 Na7 35. Ba1 Nc6 36. Qa4 Rbc8 37. h4 Ne7 38. Ne3 Ra8 39. Qa5 Rdc8 40. Qa4 Rc5 41. Qb4 Rb5 42. Qd4 Rb3 43. Rd3 Rxd3 44. Qxd3 Bc6 45. Rc1 Bb5 46. Qb3 Bc6 47. Qb6 Rc8 48. Bb2 Bb5 49. Rxc8 Nxc8 50. Qa5 Qe7 51. Nf5 Qb7 52. Qc3 Qc6 53. Qd4 Qc5 54. Kh2 Qxd4 55. Bxd4 Kf8 56. Kg1 Ne7 57. Nxe7 Kxe7 58. Kf2 Nf6 59. Bf3 Bd7 60. Ke3 Bb5 61. Bc3 Ne8 62. Bd1 g6 63. a4 Bc6 64. Kd4 h5 65. Bc2 Nf6 66. Bb4 Ne8 67. e5 Kd7 68. a5 Ng7 69. exd6 Nf5+ 70. Bxf5+ gxf5 71. Ke5 Ke8 72. Kxf5 Bd7+ 73. Kg5 Bg4 74. Kf6 Bh3 75. Ke5 Kd7 76. Kd5 Bg4 77. Ke5 Bh3 78. f5 Bg4 79. Kf6 Ke8 80. Kg5 Kd7 81. Kf6 Ke8 1/2-1/2

[Event "Oberliga NRW 0708"]
[Site "Germany"]
[Date "2007.09.16"]
[Round "1.1"]
[White "Michaelsen, Nils"]
[Black "Gofshtein, Leonid D"]
[Result "0-1"]
[WhiteElo "2420"]
[BlackElo "2541"]
[PlyCount "72"]
[EventDate "2007.09.16"]
[EventType "team-tourn"]
[EventRounds "9"]
[EventCountry "GER"]
[SourceTitle "EXT 2009"]
[Source "ChessBase"]
[SourceDate "2008.11.26"]
[SourceVersion "1"]
[SourceVersionDate "2008.11.26"]
[SourceQuality "1"]
[WhiteTeam "KKS"]
[BlackTeam "Betzdorf Kirchen"]
[WhiteTeamCountry "GER"]
[BlackTeamCountry "GER"]

1. d4 e6 2. c4 Bb4+ 3. Nc3 c5 4. d5 Nf6 5. Bg5 Bxc3+ 6. bxc3 d6 7. Nf3 h6 8. Bh4 Qe7 9. e3 e5 10. Nd2 g5 11. Bg3 Bf5 12. h4 Rg8 13. hxg5 hxg5 14. Qb3 Qc7 15. a4 Nbd7 16. a5 a6 17. f3 e4 18. Be2 exf3 19. gxf3 g4 20. Bf4 gxf3 21. Bxf3 0-0-0 22. Kf2 Rde8 23. Rh6 Bg6 24. e4 Ne5 25. Bxe5 Rxe5 26. Qb6 Rge8 27. Re1 Qe7 28. Re3 Nd7 29. Qb1 Rg5 30. Qh1 f5 31. Qh4 Ne5 32. Rh8 Kc7 33. Rxe8 Rg2+ 34. Kxg2 Qxh4 35. Re6 f4 36. Re2 Qg3+ 0-1

[Event "Bundesliga 0506"]
[Site "Germany"]
[Date "2005.10.22"]
[Round "1.7"]
[White "Michaelsen, Nils"]
[Black "Lemmers, Oscar"]
[Result "1-0"]
[WhiteElo "2420"]
[BlackElo "2425"]
[PlyCount "69"]
[EventDate "2005.10.21"]
[EventType "team-tourn"]
[EventRounds "15"]
[EventCountry "GER"]
[SourceTitle "CBM 110"]
[Source "ChessBase"]
[SourceDate "2006.01.31"]
[SourceVersion "1"]
[SourceVersionDate "2006.01.31"]
[SourceQuality "1"]
[WhiteTeam "Hamburger SK"]
[BlackTeam "Wattenscheid"]
[WhiteTeamCountry "GER"]
[BlackTeamCountry "GER"]

1. d4 d5 2. c4 c6 3. Nc3 Nf6 4. e3 a6 5. Qc2 g6 6. Nf3 Bg7 7. b3 Bg4 8. Be2 0-0 9. 0-0 Nbd7 10. Rd1 Qc7 11. a4 dxc4 12. bxc4 e5 13. Ba3 Rfd8 14. Rab1 exd4 15. exd4 Nh5 16. h3 Bf5 17. Bd3 Bxd3 18. Rxd3 Nf4 19. Re3 Nf6 20. Qb3 Rab8 21. Bc5 Re8 22. Bb6 Qd7 23. Ne5 Qf5 24. Ba7 Rbd8 25. Qxb7 N6h5 26. g4 Qf6 27. gxh5 Rxe5 28. dxe5 Qg5+ 29. Rg3 Nxh3+ 30. Kf1 Qf5 31. Qxc6 Rd2 32. Rb8+ Bf8 33. Rxf8+ Kxf8 34. Bc5+ Kg7 35. Qf6+ 1-0

[Event "Bundesliga 9900"]
[Site "Germany"]
[Date "2000.04.09"]
[Round "15.7"]
[White "Kummerow, Heiko"]
[Black "Michaelsen, Nils"]
[Result "1/2-1/2"]
[WhiteElo "2319"]
[BlackElo "2439"]
[PlyCount "58"]
[EventDate "1999.10.09"]
[EventType "team-tourn"]
[EventRounds "15"]
[EventCountry "GER"]
[SourceTitle "CBM 076"]
[Source "ChessBase"]
[SourceDate "2000.05.31"]
[SourceVersion "1"]
[SourceVersionDate "2000.05.31"]
[SourceQuality "1"]
[WhiteTeam "Duisburg"]
[BlackTeam "Hamburger SK"]
[WhiteTeamCountry "GER"]
[BlackTeamCountry "GER"]

1. e4 c5 2. Nf3 Nc6 3. d4 cxd4 4. Nxd4 e6 5. Nb5 d6 6. Bf4 e5 7. Be3 Nf6 8. Bg5 a6 9. N5c3 Be7 10. Bxf6 Bxf6 11. Nd5 0-0 12. Be2 Bg5 13. 0-0 Be6 14. a4 Rc8 15. Na3 Kh8 16. c3 Ne7 17. Nxe7 Bxe7 18. Bg4 Qb6 19. Bxe6 fxe6 20. Qe2 Rf4 21. g3 Rf6 22. Nc4 Qc6 23. Nd2 Rcf8 24. a5 R6f7 25. Qc4 Qd7 26. Qa4 Qc7 27. Qc4 Qd7 28. Qa4 Qc7 29. Qc4 Qd7 1/2-1/2

[Event "GER CupT 9900"]
[Site "Germany"]
[Date "2000.??.??"]
[Round "2"]
[White "Frohberg, Marco"]
[Black "Michaelsen, Nils"]
[Result "1/2-1/2"]
[WhiteElo "2242"]
[BlackElo "2459"]
[PlyCount "59"]
[EventDate "2000.??.??"]
[EventType "team-tourn"]
[EventRounds "4"]
[EventCountry "GER"]
[SourceTitle "EXT 2001"]
[Source "ChessBase"]
[SourceDate "2000.11.22"]
[SourceVersion "1"]
[SourceVersionDate "2000.11.22"]
[SourceQuality "1"]

1. e4 c5 2. Nf3 Nc6 3. Bb5 g6 4. 0-0 Bg7 5. d3 Nf6 6. Bxc6 dxc6 7. Nc3 0-0 8. Nd2 Ne8 9. f4 Nc7 10. f5 e6 11. fxg6 hxg6 12. Nf3 e5 13. Bg5 f6 14. Bd2 Ne6 15. Ne2 a5 16. Nh4 Qe8 17. Rf3 Nf4 18. Nxf4 exf4 19. Rf1 g5 20. Nf5 Bxf5 21. exf5 Qe5 22. Qh5 Qxb2 23. Rae1 Qxa2 24. Re7 Rf7 25. Rfe1 Raf8 26. Bc3 Qxc2 27. Rxf7 Rxf7 28. Re8+ Rf8 29. Re7 Qxc3 30. Rxg7+ 1/2-1/2

[Event "Pyramiden Franken Cup 2nd"]
[Site "Fuerth"]
[Date "1999.08.28"]
[Round "8"]
[White "Jansa, Vlastimil"]
[Black "Michaelsen, Nils"]
[Result "0-1"]
[WhiteElo "2442"]
[BlackElo "2439"]
[PlyCount "110"]
[EventDate "1999.08.21"]
[EventType "swiss"]
[EventRounds "9"]
[EventCountry "GER"]
[SourceTitle "EXT 2000"]
[Source "ChessBase"]
[SourceDate "1999.11.16"]
[SourceVersion "1"]
[SourceVersionDate "1999.11.16"]
[SourceQuality "1"]

1. e4 c5 2. Nf3 Nc6 3. d4 cxd4 4. Nxd4 e6 5. Nc3 Qc7 6. g3 a6 7. Bg2 Nf6 8. 0-0 Bc5 9. Nxc6 bxc6 10. Na4 Be7 11. c4 d6 12. c5 dxc5 13. Be3 Nd7 14. Qc2 Rb8 15. Nxc5 Nxc5 16. Bxc5 0-0 17. b3 Bxc5 18. Qxc5 Rb5 19. Qe3 a5 20. Rfc1 a4 21. bxa4 Ra5 22. Rc5 Rxa4 23. Qb3 Ra6 24. a4 Qd6 25. Rac1 Bd7 26. a5 Qd4 27. Qc2 Ra7 28. Rb1 Rfa8 29. Bf1 h5 30. a6 h4 31. Qc4 Qd2 32. Qc3 Qxc3 33. Rxc3 hxg3 34. hxg3 Kf8 35. Rcb3 Bc8 36. Ra1 Ke7 37. e5 Kd8 38. Rd1+ Rd7 39. Ra1 Rda7 40. Rc3 Kc7 41. Rf3 Kd8 42. Ra4 Re7 43. Rc3 Rc7 44. Rh4 Raa7 45. Rh8+ Ke7 46. Ra3 Bd7 47. Bc4 Rc8 48. Rh7 g6 49. Bd3 g5 50. Be4 Be8 51. Rg7 c5 52. Bb7 Rc7 53. Rc3 Bb5 54. Rf3 Kf8 55. Rxg5 Bxa6 0-1

[Event "Bundesliga 9798"]
[Site "Germany"]
[Date "1998.04.26"]
[Round "15.6"]
[White "Michaelsen, Nils"]
[Black "Schmidt, Peter"]
[Result "1/2-1/2"]
[WhiteElo "2430"]
[BlackElo "2410"]
[PlyCount "27"]
[EventDate "1997.10.18"]
[EventType "team-tourn"]
[EventRounds "15"]
[EventCountry "GER"]
[SourceTitle "GER-chT"]
[Source "ChessBase"]
[SourceDate "1999.07.01"]
[SourceVersion "1"]
[SourceVersionDate "1999.07.01"]
[SourceQuality "1"]
[WhiteTeam "Hamburger SK"]
[BlackTeam "Passau"]
[WhiteTeamCountry "GER"]
[BlackTeamCountry "GER"]

1. d4 Nf6 2. c4 g6 3. Nc3 Bg7 4. e4 d6 5. f4 0-0 6. Nf3 Na6 7. Bd3 Bg4 8. 0-0 Nd7 9. Be3 e5 10. fxe5 c5 11. d5 Nxe5 12. Be2 Nxf3+ 13. Bxf3 Bxf3 14. Qxf3 1/2-1/2